| 000 -LEADER |
| fixed length control field |
01176nam a2200397 i 4500 |
| 001 - CONTROL NUMBER |
| control field |
020922943 |
| 003 - CONTROL NUMBER IDENTIFIER |
| control field |
UkOxU |
| 005 - DATE AND TIME OF LATEST TRANSACTION |
| control field |
20230704153617.0 |
| 008 - FIXED-LENGTH DATA ELEMENTS--GENERAL INFORMATION |
| fixed length control field |
170130s2017 enka 001|0|eng|d |
| 015 ## - NATIONAL BIBLIOGRAPHY NUMBER |
| National bibliography number |
GBB717583 |
| Source |
bnb |
| 016 7# - NATIONAL BIBLIOGRAPHIC AGENCY CONTROL NUMBER |
| Record control number |
018214513 |
| Source |
Uk |
| 020 ## - INTERNATIONAL STANDARD BOOK NUMBER |
| International Standard Book Number |
9781316611708 |
| Qualifying information |
paperback |
| 035 ## - SYSTEM CONTROL NUMBER |
| System control number |
(Uk)018214513 |
| 035 ## - SYSTEM CONTROL NUMBER |
| System control number |
(StEdALDL)1/3542360 |
| 040 ## - CATALOGING SOURCE |
| Original cataloging agency |
StDuBDS |
| Language of cataloging |
eng |
| Description conventions |
rda |
| Transcribing agency |
StDuBDS |
| Modifying agency |
UkOxU |
| -- |
KH8 |
| 049 ## - LOCAL HOLDINGS (OCLC) |
| Holding library |
CROBAR |
| 082 04 - DEWEY DECIMAL CLASSIFICATION NUMBER |
| Classification number |
650 STI |
| 100 1# - MAIN ENTRY--PERSONAL NAME |
| Personal name |
Stimpson, Peter, |
| Relator term |
author. |
| 245 10 - TITLE STATEMENT |
| Title |
Cambridge international AS and A Level business : |
| Remainder of title |
revision guide / |
| Statement of responsibility, etc. |
Peter Stimpson and Peter Joyce. |
| 250 ## - EDITION STATEMENT |
| Edition statement |
Second edition. |
| 264 #1 - PRODUCTION, PUBLICATION, DISTRIBUTION, MANUFACTURE, AND COPYRIGHT NOTICE |
| Place of production, publication, distribution, manufacture |
Cambridge : |
| Name of producer, publisher, distributor, manufacturer |
Cambridge University Press, |
| Date of production, publication, distribution, manufacture, or copyright notice |
2017. |
| 264 #4 - PRODUCTION, PUBLICATION, DISTRIBUTION, MANUFACTURE, AND COPYRIGHT NOTICE |
| Date of production, publication, distribution, manufacture, or copyright notice |
©2017 |
| 300 ## - PHYSICAL DESCRIPTION |
| Extent |
x, 283 pages : |
| Other physical details |
illustrations ; |
| Dimensions |
28 cm |
| 336 ## - CONTENT TYPE |
| Content type term |
text |
| Source |
rdacontent |
| 337 ## - MEDIA TYPE |
| Media type term |
unmediated |
| Source |
rdamedia |
| 338 ## - CARRIER TYPE |
| Carrier type term |
volume |
| Source |
rdacarrier |
| 490 1# - SERIES STATEMENT |
| Series statement |
Completely Cambridge |
| 500 ## - GENERAL NOTE |
| General note |
Includes index. |
| 521 2# - TARGET AUDIENCE NOTE |
| Target audience note |
AS. |
| 521 2# - TARGET AUDIENCE NOTE |
| Target audience note |
A-level. |
| 650 #0 - SUBJECT ADDED ENTRY--TOPICAL TERM |
| Topical term or geographic name entry element |
Business. |
| 650 #0 - SUBJECT ADDED ENTRY--TOPICAL TERM |
| Topical term or geographic name entry element |
Business |
| Form subdivision |
Problems, exercises, etc. |
| 700 1# - ADDED ENTRY--PERSONAL NAME |
| Personal name |
Joyce, Peter, |
| Relator term |
author. |
| 830 #0 - SERIES ADDED ENTRY--UNIFORM TITLE |
| Uniform title |
Completely Cambridge. |
| 942 ## - ADDED ENTRY ELEMENTS (KOHA) |
| Source of classification or shelving scheme |
|
| Koha item type |
Teaching Resources |